| 000 | 00316nam a2200133 i 4500 | ||
|---|---|---|---|
| 001 | bg | ||
| 100 | 1 | _aSUCHET, J. P. | |
| 245 | 0 |
_aElectrical Conduction in Solid Materials / _cJ.P. Suchet. |
|
| 260 |
_aOxford, _c1975. |
||
| 040 | _cBPK | ||
| 041 | _apol | ||
| 942 | _cKS | ||
| 008 | s pl f |000 0 pol | ||
| 999 |
_c27279 _d27279 |
||
| 856 |
_uhttp://koha.tu.koszalin.pl/cgi-bin/koha/opac-detail.pl?biblionumber=27279 _yKatalog online BPK |
||